000
00273 a2200121 4500
000
nam a22 7a 4500
020
_a
9788194026709
100
_a
Kumbhojkar G.V
245
_a
Engineering Mathematics 1
250
_a
3
260
_b
P.Jamnadas
_c
2023
264
_b
P.Jamnadas
999
_c
35967
_d
35967